El edificio metálico / (Record no. 81)

MARC details
000 -LEADER
campo de control de longitud fija 01109mam a2200313 a 4500
001 - NÚMERO DE CONTROL
campo de control 1953020
003 - IDENTIFICADOR DE NÚMERO DE CONTROL
campo de control 000080
005 - FECHA Y HORA DE LA ÚLTIMA TRANSACCIÓN
campo de control 20220326193248.0
008 - DATOS DE LONGITUD FIJA--INFORMACIÓN GENERAL
campo de control de longitud fija 910115s1990 cr a b f000 0 spa
010 ## - NÚMERO DE CONTROL DE LA BIBLIOTECA DEL CONGRESO
Número de control de LC 91105265
020 ## - NÚMERO INTERNACIONAL ESTÁNDAR DEL LIBRO
Número Internacional Estándar del Libro 9977996903
035 ## - NÚMERO DE CONTROL DEL SISTEMA
Número de control de sistema (OCoLC)ocm23046618
040 ## - FUENTE DE CATALOGACIÓN
Centro catalogador/agencia de origen DLC
Centro/agencia transcriptor DLC
043 ## - CÓDIGO DE ÁREA GEOGRÁFICA
Código de área geográfica nccr---
050 00 - SIGNATURA TOPOGRÁFICA DE LA BIBLIOTECA DEL CONGRESO
Número de clasificación LB3221
Número de ítem .C44 1990
082 ## - NÚMERO DE LA CLASIFICACIÓN DECIMAL DEWEY
Número de clasificación 727.1
Número de ítem C413e
100 1# - ENTRADA PRINCIPAL--NOMBRE DE PERSONA
Nombre de persona Cerdas Albertazzi, Ana Luisa.
9 (RLIN) 402
245 13 - MENCIÓN DEL TÍTULO
Título El edificio metálico /
Mención de responsabilidad, etc. Ana Luisa Cerdas Albertazzi, Sandra Quirós Bonilla.
260 ## - PUBLICACIÓN, DISTRIBUCIÓN, ETC.
Lugar de publicación, distribución, etc. [San José, Costa Rica] :
Nombre del editor, distribuidor, etc. Comisión Nacional de Conmemoraciones Históricas,
Fecha de publicación, distribución, etc. 1990.
300 ## - DESCRIPCIÓN FÍSICA
Extensión 92 p. :
Otras características físicas ill. ;
Dimensiones 21 cm.
504 ## - NOTA DE BIBLIOGRAFÍA, ETC.
Nota de bibliografía, etc. Includes bibliographical references (p. 87).
650 #0 - PUNTO DE ACCESO ADICIONAL DE MATERIA--TÉRMINO DE MATERIA
Término de materia o nombre geográfico como elemento de entrada School buildings
Subdivisión geográfica Costa Rica
-- San José
Subdivisión general History.
9 (RLIN) 403
650 #0 - PUNTO DE ACCESO ADICIONAL DE MATERIA--TÉRMINO DE MATERIA
Término de materia o nombre geográfico como elemento de entrada Buildings, Prefabricated
Subdivisión geográfica Costa Rica
-- San José
Subdivisión general History.
9 (RLIN) 404
650 #0 - PUNTO DE ACCESO ADICIONAL DE MATERIA--TÉRMINO DE MATERIA
Término de materia o nombre geográfico como elemento de entrada Elementary schools
Subdivisión geográfica Costa Rica
-- San José
Subdivisión general History.
9 (RLIN) 405
650 #0 - PUNTO DE ACCESO ADICIONAL DE MATERIA--TÉRMINO DE MATERIA
Término de materia o nombre geográfico como elemento de entrada Edificios, Prefabricados
9 (RLIN) 406
651 ## - PUNTO DE ACCESO ADICIONAL DE MATERIA--NOMBRE GEOGRÁFICO
Nombre geográfico Costa Rica
Subdivisión de forma Edificios públicos
9 (RLIN) 407
700 1# - ENTRADA AGREGADA--NOMBRE PERSONAL
Nombre de persona Quirós Bonilla, Sandra.
9 (RLIN) 408
Holdings
Estatus retirado Estado de pérdida Fuente del sistema de clasificación o colocación Estado de daño No para préstamo Biblioteca de origen Biblioteca actual Ubicación en estantería Fecha de adquisición Total de préstamos Signatura topográfica completa Código de barras Visto por última vez Precio de reemplazo Tipo de ítem Koha
    Clasificación Decimal Dewey     Biblioteca LadoV Biblioteca LadoV   25/04/2014   727.1 C413e 000080 25/04/2014 25/04/2014 Material 01